000 01145naa a22003257a 4500
001 BR7301428
003 BR-BrBNA
005 20240918173448.0
007 ta
008 230509b bl.||||| |||| 00| 0 por d
040 _aBR-BrBNA
_bpor
_cBiblioteca Nacional de Agricultura
041 _a(Pt)
072 _aF00; F25
_b0150
_b3820
090 _aF00 BR7301428
100 1 _aSouza, P.R.
100 1 _aPedroso, B.A.
111 1 _a4. Reuniao Geral da Cultura do Arroz IPEAS-IRGA
_cPelotas, RS (Brazil)
_d1 Aug 1974
245 1 _aDensidades de semeadura e niveis de nitrogenio em seis variedades de arroz
260 3 _aPelotas, RS (Brasil):
_c1974.
500 _aAnais da 4. Reuniao Geral da Cultura do Arroz IPEAS-IRGA Pelotas, RS (Brasil): 1974. p. 46-47 (BR7301428-AM)F00
650 _aFERTILIDADE DO SOLO
650 _aFERTILIZANTE NITROGENADO
650 _aARROZ
650 _aSEMEADURA
650 _aNITROGENIO
650 _aVARIEDADE
773 0 _tAnais da 4. Reuniao Geral da Cultura do Arroz IPEAS-IRGA
_wF00 BR7301428
_gPelotas, RS (Brasil), 1974. p. 46-47
909 _a202404
_bLucia
_c55
_dLucia Elande
942 _cAM
_2AGRIS
999 _c304742
_d304742